Викторина по стране Россия - Statistics

General Stats
  • This quiz has been taken 309 times
  • The average score is 20 of 30
Answer Stats
Подсказка Ответ % Correct
Столица Москва
99%
Действующий Президент Владимир Путин
98%
Столица до 1918 года Санкт-Петербург
92%
Коммунистическое название этого города Ленинград
89%
Автор книги "Война и мир" Лев Толстой
89%
"Грозный" царь Иван IV
89%
Завоеватель, которому не удалось завоевать Россию в 1812 году Наполеон
87%
Горные хребты, разделяющие Азию и Европу Урал
85%
Элементы на советском флаге Молот
84%
Элементы на советском флаге Серп
82%
Первый человек, вышедший на орбиту Земли Юрий Гагарин
80%
Море, граничащее с Сочи Чёрное Море
73%
Самая длинная река в Европейской части России Волга
72%
Самая высокая гора Гора Эльбрус
69%
Элементы на советском флаге Звезда
69%
Советский аналог ЦРУ КГБ
68%
Крупнейший Российский город на Тихом океане Владивосток
64%
Официальная резиденция Президента Московский Кремль
61%
Название Советских лагерей для военнопленных Гулаги
58%
Самый известный театр балета Большой Театр
56%
Рождественский балет Чайковского Щелкунчик
56%
Металлический котел для заваривания чая Самовар
53%
Самое известное Российское огнестрельное оружие АК-47
51%
Битва "поворотного момента" во Второй мировой войне Сталинградская битва
47%
"Великие" цари Пётр
45%
Горные хребты, разделяющие Азию и Европу Кавказ
40%
"Великие" цари Екатерина II
36%
Рыба, используемая для приготовления традиционной икры Осетр
35%
Обширный восточный регион России Сибирь
34%
Первый спутник, выведенный на орбиту Земли Спутник
21%
No matching quizzes found
Score Distribution
Percent of People with Each Score
Percentile by Number Answered
Your Score History
You have not taken this quiz